• 首页
  • 本馆介绍
  • 公告通知
  • 最新文献
  • 馆藏检索
  • 电子资源
  • 读者导购
  • 参考咨询
  • 我的图书馆
  • 登录
  • 详细信息显示
  • 放入我的书架
  • 预约/预借图书
  • 作者相关作品
  • 分类相关作品
  • 丛书相关作品
  • 出版社相关作品

书目信息

  • 表格格式
  • 工作单格式
  • 卡片格式
题名:
中学地理复习十讲
    
 
作者: ;北京地理学会 编
分册:  
出版信息: 上海   上海教育出版社  1982
页数: 196页
开本: 19cm
丛书名:
单 册:
中图分类: G634.55 , G633.55
科图分类:
主题词: 教育--各级 , 地理--中学--教学参考资料
电子资源:
ISBN:
000 00737nam0 2200253 45
001 0182001525
005 20060814085057.35
010    @dCNY0.44
091    @aCN@b7150.3695
100    @a19950619d1982 em y0chiy0121 ea
101 0  @achi
102    @aCN@b310000
105    @ay z 000yy
200 10 @a中学地理复习十讲@Azhong xue de li fu xi shi jiang@f北京地理学会编@FBei Jing Di Li Xue Hui Bian
210    @a上海@c上海教育出版社@d1982
215    @a196页@d19cm
606 0  @a教育@x各级
606    @a地理@x中学@x教学参考资料
690    @aG634.55@v3
690    @aG633.55
711 02 @a北京地理学会@ABei Jing Di Li Xue Hui@4编
801  2 @aCN@bNLC@c20060814
801  0 @aCN@b上海图书馆@c20040508
905    @f2@b62724-725@dG633.55@e2
    
    中学地理复习十讲/北京地理学会编.-上海:上海教育出版社,1982
    196页;19cm
    
    
    ISBN :CNY0.44
    
●
相关链接 在E读中查询图书 在五车中查询图书 在当当中查询图书 在豆瓣中查询图书


正题名:中学地理复习十讲     索取号:G633.55/2         预约/预借

序号 登录号 条形码 馆藏地/架位号 状态 备注
1 0062724   000255057   密集书库/ [索取号:G633.55/2] 在馆    
2 0062725   000255119   密集书库/ [索取号:G633.55/2] 在馆    
3 0062726   000255128   第一样本阅览室/ [索取号:G633.55/2] 在馆    
4 0459633   204596339   密集书库/ [索取号:G633.55/2] 在馆    
唐山师范学院图书馆 欢迎您!
大连网信软件有限公司© 版权所有